Internetworking Technologies Handbook, (Record no. 345841)
[ view plain ]
| 000 -LEADER | |
|---|---|
| fixed length control field | 00265 a2200109 4500 |
| 090 ## - LOCALLY ASSIGNED LC-TYPE CALL NUMBER (OCLC); LOCAL CALL NUMBER (RLIN) | |
| -- | 3359 |
| -- | 3359 |
| 100 ## - MAIN ENTRY--PERSONAL NAME | |
| Personal name | Cisco Systems, |
| 245 ## - TITLE STATEMENT | |
| Title | Internetworking Technologies Handbook, |
| 250 ## - EDITION STATEMENT | |
| Edition statement | 3rd Ed |
| 260 ## - PUBLICATION, DISTRIBUTION, ETC. | |
| Place of publication, distribution, etc. | Techmedia New Delhi |
| 942 ## - ADDED ENTRY ELEMENTS (KOHA) | |
| Institution code [OBSOLETE] | NBS |
| Koha item type | Book |
| Call number prefix | 004.67 CIS |
| Withdrawn status | Lost status | Damaged status | Not for loan | Permanent Location | Current Location | Shelving location | Date acquired | Total Checkouts | Full call number | Barcode | Date last seen | Date last checked out | Price effective from | Koha item type | Public note |
|---|---|---|---|---|---|---|---|---|---|---|---|---|---|---|---|
| Write Off | Central Library (CL) | Central Library (CL) | First Floor - Data Communication/Network/Architecture | 08/28/2013 | 2 | 004.67 CIS | NBS4550 | 11/22/2017 | 07/18/2017 | 08/28/2013 | Book | No. 0908/NBS/IRC Dated: 12 June, 2012 |
